Normal view
MARC view
Entry Personal Name
001 - CONTROL NUMBER
- control field: 82946
003 - CONTROL NUMBER IDENTIFIER
- control field: dpl
005 - DATE AND TIME OF LATEST TRANSACTION
- control field: 20250714120248.0
008 - FIXED-LENGTH DATA ELEMENTS
- fixed length control field: 250714|| aca||aabn | a|a d
040 ## - CATALOGING SOURCE
- Original cataloging agency: dpl
- Transcribing agency: dpl
100 ## - HEADING--PERSONAL NAME
- Personal name: Mukherjee, Sabyasachi
670 ## - SOURCE DATA FOUND
- Source citation: Work cat.: (dpl)212350: Mukherjee, Sabyasachi, The Lost Stupa of Kahu-Jo-Daro:, 2022
